Movies Quiz

Random Movies or Actor Quiz

Twilight Characters by Actor Quiz Stats

 Plays Quiz Updated Mar 22, 2017

Score 0/16 Timer 05:00
5 Plays Today
Actor/Actress Character % Correct
Kristen StewartBella Swan
99.7%
Robert PattinsonEdward Cullen
98.3%
Taylor LautnerJacob Black
96.5%
Ashley GreeneAlice Cullen
89.4%
Jackson RathboneJasper Hale
84.4%
Nikki ReedRosalie Hale
82.4%
Billy BurkeCharlie Swan
80.4%
Kellan LutzEmmett Cullen
80.4%
Actor/Actress Character % Correct
Peter FacinelliCarlisle Cullen
76.7%
Anna KendrickJessica Stanley
70.5%
Rachelle LefevreVictoria
66%
Gil BirminghamBilly Black
64.1%
Sarah ClarkeRenée Dwyer
64%
Michael WelchMike Newton
63.1%
Cam GigandetJames
62.2%
Elizabeth ReaserEsme Cullen
57.4%

You're not logged in!

Compare scores with friends on all Sporcle quizzes.
OR
Log In

Sporcle TV

Today on Sporcle TV


Watch our educational content, quiz creation guides, and fun videos on Sporcle TV.

Show Comments

Extras

Top Quizzes Today


Score Distribution

Your Account Isn't Verified!

In order to create a playlist on Sporcle, you need to verify the email address you used during registration. Go to your Sporcle Settings to finish the process.

Report this User

Report this user for behavior that violates our Community Guidelines.

Details: